000 00551nam a2200181Ia 4500
008 090124s9999 xx 000 0 und d
082 _b9468
100 _aढेरे रा.चिं.
245 _a शोध-शिल्प
250 _a0
260 _bविश्र्वकर्मा साहित्यालय़
_c1977
300 _a216
600 _aढेरे रा.चिं.
630 _a शोध-शिल्प
700 _aढेरे रा.चिं.
730 _a शोध-शिल्प
942 _cBOOK
999 _c85807
_d85807